Pracovnoprávne vzťahy a účasť zástupcov zamestnancov na nich

Kolektívne pracovnoprávne vzťahy. Jednotlivé formy zastúpenia zamestnancov. Zástupcovia zamestnancov a ich ochrana. Príklady z praxe.

Saved in:
Bibliographic Details
Main Author: Beracka, Ondrej
Format: Book Chapter
Language:Slovak
Subjects:
Tags: Add Tag
No Tags, Be the first to tag this record!

MARC

LEADER 00000naa a2200000 4500
001 0210966
005 20231109105609.7
041 0 |a slo 
044 |a SK 
245 1 0 |a Pracovnoprávne vzťahy a účasť zástupcov zamestnancov na nich  |c Ondrej Beracka 
520 |a Kolektívne pracovnoprávne vzťahy. Jednotlivé formy zastúpenia zamestnancov. Zástupcovia zamestnancov a ich ochrana. Príklady z praxe. 
610 2 0 |a vzťahy pracovnoprávne 
610 2 0 |a zamestnanci 
610 2 0 |a zamestnávatelia 
610 2 0 |a odbory 
610 2 0 |a vyjednávanie kolektívne 
610 2 0 |a spolurozhodovanie 
610 2 0 |a kontrola 
100 1 |a Beracka, Ondrej